00712nam a2200229 a 4500001001300000003000900013005001700022008004100039020002300080082001300103100002200116245004900138260004400187300000900231500003500240505002400275700002200299902000800321942000700329952012900336999001700465nice12345678IN_TiNIC20260116014615.0050524s2003 lona grp 000 0 eng  a0192801821 c15000a306bYOU aYoung, Robert J C aPost Colonialismb a Very Short Introduction aLondan bOxford University Press c2003 a180p aincludes index and biblioraphy2 aBibliography, Index1 aYoung, Robert J C bSRS cBK 001040708StackRoom-aHMIbHMId2012-03-07g150.00l4m1o306 YOUp021358r2018-09-10s2018-09-06v150.00w2005-05-24yBK c16203d16203